Statistiques concernant Vainqueurs du Giro d'Italia

Cliquez ici pour prendre le quiz!

Statistiques générales

  • Ce quiz a été pris 259 fois
  • Le résultat moyen est 39 sur 103

Statistiques - réponses

AnnéeVainqueurPays% Correct
2018Christopher FroomeRoyaume-Uni
97%
2013 | 2016Vicenzo NibaliItalie
96%
2008 | 2015Alberto ContadorEspagne
92%
2014Nairo QuintanaColombie
91%
2019Richard CarapazEquateur
90%
2017Tom DumoulinPays-Bas
89%
1980 | 1982 | 1985Bernard HinaultFrance
86%
1968 | 1970 | 1972 | +2 othersEddy MerckxBelgique
86%
1998Marco PantaniItalie
79%
1940 | 1947 | 1949 | +2 othersFausto CoppiItalie
71%
1992 | 1993Miguel IndurainEspagne
71%
2020Tao Geoghegan HartRoyaume-Uni
71%
1960 | 1964Jacques AnquetilFrance
69%
1989Laurent fignonFrance
67%
2009Denis MenchovRussie
62%
1987Stephen RocheIrlande
61%
1936 | 1937 | 1946Gino BartaliItalie
57%
2012Ryder HesjedalCanada
57%
2006 | 2010Ivan BassoItalie
56%
2011Michele ScarponiItalie
45%
1967 | 1969 | 1976Felice GimondiItalie
44%
1956 | 1959Charly GaulLuxembourg
42%
1995Tony RomingerSuisse
42%
2004Damiano CunegoItalie
39%
2007Danilo Di LucaItalie
36%
1950Hugo KobletSuisse
35%
1984Francesco MoserItalie
32%
1957Gastone NenciniItalie
30%
1990Gianni BugnoItalie
29%
2001 | 2003Gilberto SimoniItalie
29%
2002 | 2005Paolo SavoldelliItalie
26%
1994Evgueni BerzinRussie
23%
1996Pavel TonkovRussie
23%
2000Stefano GarzelliItalie
23%
1925 | 1927 | 1928 | +2 othersAlfredo BindaItalie
19%
1988Andrew HampstenÉtats-Unis
19%
1997 | 1999Ivan GottiItalie
19%
1979 | 1983Guiseppe SaronniItalie
18%
1966Gianni MottaItalie
12%
1934Learco GuerraItalie
12%
1977Michel PollentierBelgique
12%
1981Giovanni BattaglinItalie
11%
1919 | 1923Constante GirardengoItalie
10%
1971Gösta PetterssonSuède
10%
1965Vittorio AdorniItalie
10%
1948 | 1951 | 1955Fiorenzo MagniItalie
9%
1978Johan De MuynckBelgique
9%
1958Ercole BaldiniItalie
8%
1920Gaetano BelloniItalie
8%
1921 | 1922 | 1926Giovanni BruneroItalie
8%
1986Roberto VisentiniItalie
8%
1962 | 1963Franco BalmamionItalie
7%
1991Franco ChioccioliItalie
7%
1909Luigi GannaItalie
7%
1910 | 1911Carlo GalettiItalie
5%
1954Carlo ClericiSuisse
4%
1938 | 1939Giovanni ValettiItalie
4%
1932Antonio PesentiItalieù
3%
1961Arnaldo PambiancoItalie
3%
1912Équipe cycliste AtalaItalie
3%
1975Fausto BertoglioItalie
3%
1931Francesco CamussoItalie
3%
1914Alfonso CalzolariItalie
2%
1913Carlo OrianiItalie
2%
1924Giuseppe EnriciItalie
2%
1930Luigi MarchisioItalie
2%
1935Vasco BergamaschiItalie
2%

Distribution des résultats

Percentile par nombre de réponses

% des personnes avec chaque résultat

Votre développement - résultats

Vous n’avez pas pris ce quiz